Á lódáil...

Indian summer The secret history of the end of an empire /

Sonraí Bibleagrafaíochta
Príomhúdar: Tunzelmann, Alex Von
Teanga:Undetermined
Foilsithe: London : Simon & Schuster , 2007.
LEADER 00555nam a2200157Ia 4500
001 186910
008 170722s9999 xx 000 0 und d
020 |a 9781416522256 
100 |a Tunzelmann, Alex Von 
245 |a Indian summer  |b The secret history of the end of an empire / 
260 |a London :  |b Simon & Schuster ,  |c 2007. 
300 |a 464 p. 
923 |d 20140816  |n 338 
942 |c GEN 
999 |c 152811  |d 152811 
952 |0 0  |1 0  |4 0  |6 V_211WN01_P7GB  |7 0  |8 GB  |9 215195  |a LIB  |b LIB  |d 2014-10-08  |e D C Books  |l 4  |o V2,11wN01 P7(GB)  |p 296584  |r 2019-01-04  |s 2018-11-30  |w 2017-08-12  |y GEN